Countries that Start and End with the Same Letter - Statistics

General Stats
  • This quiz has been taken 49 times
    23 since last reset
  • The average score is 14 of 15
Answer Stats
Letter Continent Answer % Correct
A South America Argentina
100%
A Oceania Australia
100%
A Europe Albania
95%
A Africa Algeria
95%
A Europe Andorra
95%
S North America Saint Kitts and Nevis
95%
A North America Antigua and Barbuda
90%
A Asia Armenia
90%
A Europe Austria
90%
C Europe Czech Republic
90%
S North America Saint Vincent and the Grenadines
90%
S Oceania Solomon Islands
90%
A Africa Angola
80%
S Africa Seychelles
80%
C Africa Central African Republic
70%
No matching quizzes found
Score Distribution
Percent of People with Each Score
Percentile by Number Answered
Your Score History
You have not taken this quiz since the last reset